000 00723nam a22002177a 4500
001 22327
003 BD-RjUL
005 20211209000807.0
008 140308s1978 xxua|||| |||| 000 0 eng d
035 _a(BD-RjUL)22392
040 _aBD-RjUL
_beng
_cBD-RjUL
041 _aeng
082 _222
_a628.3
_bMAN 1978
110 2 _aNew York (State). Department of Environmental Conservation.
_968951
245 0 _aManual of instruction for wastewater treatment plant operators /
260 _aAlbany :
_b Distributed by Health Education Service,
_c 1978.
300 _aVariages Pagess :
_b illustrations ;
_c 22 cm
650 0 _a Sewage disposal plants.
_968948
856 _3http://www.worldcat.org/
942 _2ddc
_cBK
999 _c22327
_d22327